Statistics for Largest Towns In Nunavut

Click here to take the quiz!

General Stats

  • This quiz has been taken 9 times
  • The average score is 3 of 5

Answer Stats

PopulationAnswer% Correct
7 740Iqaluit
100%
2 657Arviat
57%
2000Baker Lake
57%
1 760Cambridge Bay
57%
2 840Rankin Inlet
43%

Score Distribution

Percentile by Number Answered

Percent of People with Each Score

Your Score History

You have not taken this quiz